| 000 | 00726nam a2200193 a 4500 | ||
|---|---|---|---|
| 001 | BRCA_2957 | ||
| 005 | 20190320204038.0 | ||
| 008 | 161208s1881----mx-a---###---#000-0#spa-u | ||
| 050 | 4 |
_aBX4705 _b.G37Z86 1881 |
|
| 100 | 1 |
_aGarcía Icazbalceta, Joaquin _d1825-1894 _98117 |
|
| 245 | 1 | 0 |
_aDon Fray Juan de Zumárraga, primer obispo y arzobispo de México _bestudio biográfico y bibliográfico _cpor Joaquin García Icazbalceta. |
| 260 |
_aMéxico _bAndrade y Morales _c1881 |
||
| 300 |
_a1 v. (en varias paginaciones) _bil. _c22 cm. |
||
| 500 | _aIncluye apéndice de documentos inéditos o raros e índice temático. | ||
| 500 | _aB106 | ||
| 600 | 1 | 4 |
_aZumarraga, Fray Juan de _d1468-1548 _98215 |
| 902 | _aGFM | ||
| 942 |
_2lcc _cB |
||
| 999 |
_c2696 _d2696 |
||